000 01414nam0a22003131 4500
001 rc\3630747
005 20250610084508.0
021 _aRU
_b[72-45195]
035 _a(NLR Aleph) 007824734
090 _a7755359
_c7755359
100 _a20130115d1972 |||y0rusy50 ca
101 0 _arus
102 _aRU
105 _ay i |||||
200 1 _aРасчеты сырьевых смесей и материального баланса цементного завода
_e[Учеб. пособие для вузов специальности "Хим. технология вяжущих материалов"]
210 _aКиев
_cВища школа
_d1972
215 _a148 с.
_cграф.
_d20
300 _aПеред загл. авт.: М.Т. Мельник, И.Д. Берхоер, Ю.С. Ковалев
320 _aСписок лит.: с. 146 (9 назв.)
606 _aКлинкер
_xМинералогический состав
_xРасчет
_jУчебники и пособия
_2psbo
700 1 _aМельник
_bМ. Т.
_cд-р техн. наук
_gМихаил Тихонович
_9143225
_3RU\NLR\AUTH\770143261
701 1 _aБерхоер
_bИ. Д.
_gИсаак Давидович
701 1 _aКовалев
_bЮ. С.
_gЮрий Савельевич
801 0 _aRU
_bNLR
_gpsbo
801 1 _aRU
_bELAR
_2rusmarc
852 _aNLR
_j72-3/5567
942 _cBOOK
980 _aNB